La no evaluación como antropología de acción/ Jaime Arocha
El documento presenta un estudio de los grupos dominantes y de los mecanismos por medio de los cuáles estos se aseguran su continuidad en el poder. Haciendo una crítica hacia programas que se llaman a si mismos como los del lado oprimido, más sin embargo son del lado opresor y engañan a sus particip...
Guardado en:
| Hovedforfatter: | |
|---|---|
| Format: | Texto |
| Sprog: | Spanish |
| Udgivet: |
Cartagena:
A.I.S.
|
| Fag: | |
| Tags: |
Tilføj Tag
Ingen Tags, Vær først til at tagge denne postø!
|
MARC
| LEADER | 00000 a a2200000 04500 | ||
|---|---|---|---|
| 001 | 16698 | ||
| 003 | cru CIDCACS/ IIS | ||
| 005 | 20231211140708.0 | ||
| 008 | 220706b |||||||| |||| 00| 0 spa d | ||
| 040 | |a cru CIDCACS/ IIS |c cru CIDCACS/ IIS | ||
| 090 | |a 05.01.01 A769p | ||
| 100 | |a Arocha, Jaime | ||
| 245 | |a La no evaluación como antropología de acción/ |b Jaime Arocha | ||
| 260 | |a Cartagena: |b A.I.S. | ||
| 300 | |a 23 p. | ||
| 520 | |a El documento presenta un estudio de los grupos dominantes y de los mecanismos por medio de los cuáles estos se aseguran su continuidad en el poder. Haciendo una crítica hacia programas que se llaman a si mismos como los del lado oprimido, más sin embargo son del lado opresor y engañan a sus participantes, creyendo estos que van a contribuir al cambio social para el beneficio del oprimido. | ||
| 650 | 4 | |9 1933 |a CAMBIO SOCIAL | |
| 650 | 0 | |9 1026 |a PODER | |
| 650 | 4 | |9 4350 |a ANTROPOLOGIA | |
| 942 | |2 z |c LI |h 05.01.01 A769p |i 07700 |6 050101_A769P_07700 | ||
| 999 | |c 2281 |d 2281 | ||
